000 00634nam a2200277Ia 4500
005 20260324111525.0
008 008 260324s9999 xx 000 0 eng d
020 _a9780429488788
037 _aEBOOK
040 _aCRL
040 _beng
040 _cCRL
041 _2eng
041 _aeng
084 _qCRL
100 _aCatherine M. Crespi
_91138916
245 0 _aPower and Sample Size in R
260 _bTaylor and Francis
260 _c2025
365 _a
365 _b160
856 _uhttp://www.taylorfrancis.com/books/9780429488788
942 _cEBOOK
999 _c1727774
_d1727774